| 000 | 01640nam a22004217a 4500 | ||
|---|---|---|---|
| 001 | 000102365 | ||
| 003 | CHAP | ||
| 005 | 20220329143600.0 | ||
| 008 | 100720s2010 mx r 00010 spa d | ||
| 010 | _a98828 | ||
| 011 | _a99800 | ||
| 035 | _a110486 | ||
| 040 | _cCHAP | ||
| 090 | _aTesis | ||
| 100 | 1 |
_aGarcía Ramírez, Christian. _946481 |
|
| 245 | 1 | 0 |
_aAplicación estratégica de progesterona en la sincronización de celos con esponjas intravaginales en ovejas criollas / _c/por Chritian García Ramirez. |
| 260 |
_aChapingo, Méx. : _bEl autor, _c2010. |
||
| 300 |
_aix, 43 h. : _bcuadros, gráfs. |
||
| 502 | _aTesis (M.C. en Innovación Ganadera) -- UACH. Departamento de Enseñanza, Investigación y Servicio en Zootecnia | ||
| 590 |
_aALEPH _b10 _c20130110 _lUCH01 _h1535 |
||
| 590 |
_aBATCH-UPD _b10 _c20130110 _lUCH01 _h1552 |
||
| 590 |
_aBATCH-UPD _b10 _c20130410 _lUCH01 _h0949 |
||
| 590 |
_aBATCH-UPD _b10 _c20130914 _lUCH01 _h1518 |
||
| 590 |
_aBATCH-UPD _b10 _c20140324 _lUCH01 _h1518 |
||
| 590 |
_aBATCH-UPD _b10 _c20141002 _lUCH01 _h0844 |
||
| 590 |
_aCONVERSION _b10 _c20130109 _lUCH01 _h1355 |
||
| 590 |
_aE12093SGE _b10 _c20130718 _lUCH01 _h0941 |
||
| 650 | 1 | 4 |
_aGanado lanar _xInseminación. _945188 |
| 650 | 1 | 4 |
_aGanado lanar _xRazas. _945218 |
| 650 | 1 | 4 |
_aProgesterona. _992245 |
| 650 | 1 | 4 |
_aSincronización del celo. _9106556 |
| 856 |
_3Finding aid _uhttp://10.13.5.2/tesis/110486.pdf _zTeclea aquí |
||
| 901 | _aBK | ||
| 942 | _cFOLL | ||
| 942 | _n0 | ||
| 949 |
_aTesis _bBC _cTES _d33724002173520 _eTS2 _fc.2 _gDonaciØn _h50811 _i110486 _sb |
||
| 949 |
_aTesis _bBC _cTES _d33724002173561 _eTS1 _gDonaciØn _h50810 _i110486 _sb |
||
| 999 |
_c98828 _d98828 |
||